Borussia Mönchengladbach Squad 2019-2020 - Statistics

General Stats
  • This quiz has been taken 11 times
  • The average score is 19 of 29
Answer Stats
# Position Nation Player % Correct
1 GK Switzerland Yann Sommer
100%
13 FW Germany Lars Stindl
91%
10 FW France Marcus Thuram
91%
14 FW France Alassane Pléa
82%
36 FW Switzerland Breel Embolo
82%
6 MF Germany Christoph Kramer
82%
23 MF Germany Jonas Hofmann
82%
22 MF Slovakia László Bénes
82%
11 FW Brazil Raffael
82%
8 MF Switzerland Denis Zakaria
73%
16 FW Guinea Ibrahima Traoré
73%
30 DF Switzerland Nico Elvedi
73%
17 DF Sweden Oscar Wendt
73%
7 FW Germany Patrick Herrmann
73%
25 DF Algeria Ramy Bensebaini
73%
18 DF Austria Stefan Lainer
73%
19 FW United States Fabian Johnson
64%
4 DF France Mamadou Doucouré
64%
- Coach Germany Marco Rose
64%
28 DF Germany Matthias Ginter
64%
21 GK Germany Tobias Sippel
64%
24 DF Germany Tony Jantschke
64%
40 DF Denmark Andreas Poulsen
55%
32 MF Germany Florian Neuhaus
55%
37 FW England Keanan Bennetts
55%
15 DF Germany Jordan Beyer
36%
5 MF Germany Tobias Strobl
36%
26 MF Germany Torben Müsel
27%
31 GK Germany Max Grün
18%
No matching quizzes found
Score Distribution
Percent of People with Each Score
Percentile by Number Answered
Your Score History
You have not taken this quiz